[Event "I LIGA CS 2016"]
[Site "Kragujevac"]
[Date "2016.09.12"]
[Round "4.9"]
[White "Begus, Drasko"]
[Black "Brankovic, Dejan"]
[Result "1/2-1/2"]
[WhiteElo "2287"]
[BlackElo "2352"]
[PlyCount "34"]
[EventDate "2016.??.??"]
[WhiteClock "0:55:40"]
[BlackClock "1:07:33"]

1. d4 Nf6 2. g3 g6 3. Bg2 Bg7 4. e4 d6 5. Nc3 O-O 6. Nge2 e5 7. O-O c6 8. a4 a5
9. h3 Na6 10. Be3 Nb4 11. Qd2 Be6 12. Rad1 Qc8 13. Kh2 d5 14. exd5 Nfxd5 15.
Nxd5 Bxd5 16. Bxd5 Nxd5 17. dxe5 Bxe5 1/2-1/2

[Event "I LIGA CS 2016"]
[Site "Kragujevac"]
[Date "2016.09.12"]
[Round "4.10"]
[White "Gajic, Mladen"]
[Black "Pantelic, Sasa"]
[Result "1/2-1/2"]
[WhiteElo "2346"]
[BlackElo "2316"]
[PlyCount "136"]
[EventDate "2016.??.??"]
[WhiteClock "0:02:35"]
[BlackClock "0:01:35"]

1. b3 e5 2. Bb2 Nc6 3. e3 Nf6 4. Bb5 Bd6 5. Na3 a6 6. Bxc6 dxc6 7. Nc4 Qe7 8.
Ne2 O-O 9. Ng3 b5 10. Nxd6 cxd6 11. O-O Nd5 12. c4 Nb4 13. d3 c5 14. Qd2 Be6
15. f4 f6 16. a3 Nc6 17. d4 exd4 18. exd4 cxd4 19. cxb5 axb5 20. Rfe1 Qd7 21.
b4 Bc4 22. Bxd4 Rfe8 23. Bb2 d5 24. Rxe8+ Rxe8 25. Bd4 h5 26. Nxh5 Re2 27. Qc3
Nxd4 28. Qxd4 Re4 29. Qd2 Qd6 30. Re1 Qb6+ 31. Kh1 Qe6 32. Rxe4 dxe4 33. Qe3
Qd5 34. g4 Qd1+ 35. Kg2 Qxg4+ 36. Ng3 Bd3 37. h3 Qe6 38. Qd2 Qd5 39. Qe3 Qa2+
40. Kg1 Qb1+ 41. Kh2 Qb2+ 42. Kg1 Qxa3 43. Nxe4 Qa1+ 44. Kh2 Qb2+ 45. Kg3 Bxe4
46. Qxe4 Qb3+ 47. Kg4 Qd1+ 48. Kh4 Qd7 49. f5 Kh7 50. Kg3 Qd2 51. Kf3 Qd1+ 52.
Kf2 Qh5 53. Qg4 Qf7 54. Qh4+ Kg8 55. Qe4 Qa2+ 56. Kg3 Qb3+ 57. Kg4 Kh7 58. h4
Qc3 59. h5 Qd2 60. Qf4 Qe2+ 61. Kh4 Qg2 62. Qe3 Qh1+ 63. Kg4 Qh2 64. Qc5 Qe2+
65. Kh4 Qc4+ 66. Kg3 Qd3+ 67. Kg4 Qe4+ 68. Kg3 Qe3+ 1/2-1/2

[Event "I LIGA CS 2016"]
[Site "Kragujevac"]
[Date "2016.09.12"]
[Round "4.11"]
[White "Jesic, Dusan"]
[Black "Mladenovic, Stefan"]
[Result "1/2-1/2"]
[WhiteElo "2348"]
[BlackElo "2273"]
[PlyCount "95"]
[EventDate "2016.??.??"]

1. b3 e5 2. Bb2 Nc6 3. e3 d6 4. d4 exd4 5. exd4 Nf6 6. Nf3 Be7 7. d5 Nb8 8. Be2
O-O 9. O-O Bg4 10. c4 Re8 11. Nc3 Bf8 12. Nd4 Bxe2 13. Ncxe2 g6 14. Qc2 Bg7 15.
Rfd1 Nbd7 16. Ng3 h5 17. Re1 h4 18. Ngf5 gxf5 19. Nxf5 Rxe1+ 20. Rxe1 Qf8 21.
Nxh4 Re8 22. Rf1 Qe7 23. Nf3 Qe4 24. Qd2 Qg6 25. Qa5 Nxd5 26. Qxd5 Bxb2 27.
Qxb7 Ne5 28. Nxe5 Bxe5 29. Qxc7 Qh6 30. g3 Kg7 31. Qd7 Rh8 32. Qg4+ Qg6 33.
Qxg6+ fxg6 34. Rd1 g5 35. Rd5 Rc8 36. Kg2 Rc5 37. Rd3 Kg6 38. Kf3 Kf5 39. h3 a5
40. Ke2 a4 41. Rf3+ Ke6 42. Rf8 a3 43. Kd3 Rc7 44. b4 Bb2 45. b5 Rh7 46. Ke4
Rc7 47. Kd3 Rh7 48. Ke4 1/2-1/2

[Event "I LIGA CS 2016"]
[Site "Kragujevac"]
[Date "2016.09.12"]
[Round "4.12"]
[White "Dezelin, Milan"]
[Black "Misic, Dragan"]
[Result "1/2-1/2"]
[WhiteElo "2227"]
[BlackElo "2262"]
[PlyCount "35"]
[EventDate "2016.??.??"]
[WhiteClock "1:11:23"]
[BlackClock "1:28:39"]

1. d4 Nf6 2. Nf3 e6 3. Bg5 d5 4. Nbd2 Be7 5. e3 Nbd7 6. Bd3 b6 7. c3 Bb7 8. Qa4
O-O 9. Ne5 Nxe5 10. dxe5 Ne4 11. Bxe7 Qxe7 12. Nxe4 dxe4 13. Bxe4 Bxe4 14. Qxe4
Rad8 15. O-O Rd2 16. b4 Rfd8 17. a4 c5 18. g3 1/2-1/2